It looks like you're offline.
Open Library logo
additional options menu

MARC record from Internet Archive

LEADER: 00595cam a22002054a 4500
001 2003050630
003 DLC
005 20040325110944.0
008 030424s2004 njua 001 0 eng
010 $a 2003050630
020 $a0131401629
040 $aDLC$cDLC
042 $apcc
050 00 $aQA76.73.J39$bQ54 2004
082 00 $a005.13/3$221
100 1 $aQuigley, Ellie.
245 10 $aJavaScript by example /$cEllie Quigley.
260 $aUpper Saddle River, NJ :$bPrentice Hall,$cc2004.
300 $axvi, 730 p. :$bill. ;$c24 cm. +$e1 CD-ROM (4 3/4 in.)
650 0 $aJavaScript (Computer program language)